| 000 | 00519nam a2200169 a 4500 | ||
|---|---|---|---|
| 001 | 5472 | ||
| 003 | CDMR | ||
| 005 | 20130228171128.0 | ||
| 008 | 130130s1996||||||||||||||||||||||||||||d | ||
| 020 | _a8439338465 | ||
| 040 |
_aCDMR _bcat _cCDMR |
||
| 111 | 2 |
_93021 _aPrimavera Fotogràfica _cBarcelona _d1996 _n8a |
|
| 245 | 1 | 0 |
_aPrimavera Fotogràfica 1996 _b: del 22 d'abril al 31 de maig 1996 |
| 260 |
_aBarcelona _c1996 _bGeneralitat de Catalunya. Departament de Cultura |
||
| 500 | _aCataleg d'exposició | ||
| 942 |
_cMON _2ddc |
||
| 999 |
_c5472 _d5472 |
||